[Event "U-20 Pan-American Chess Championship Female 2022"]
[Site "(Pereira - Risaralda) Gran Hotel. Calle 19 # 9-19"]
[Date "2022.08.23"]
[Round "1"]
[Board "3"]
[White "Matus, Nastassja"]
[Black "Guerrero Caicedo, Arlette"]
[Result "1/2-1/2"]
[WhiteElo "1976"]
[BlackElo "1531"]
[PlyCount "0"]
[EventDate "2022.08.23"]
[EventRounds "9"]
[EventCountry "COL"]

1. d4 Nf6 2. c4 g6 3. g3 c6 4. Bg2 d5 5. Nc3 Bg7 6. Qa4 O-O 7. Nf3 Nbd7 8. cxd5
cxd5 9. O-O Nb6 10. Qb3 Bf5 11. a4 Ne4 12. a5 Nxc3 13. bxc3 Nc4 14. Nd2 Nxa5
15. Qxd5 Qxd5 16. Bxd5 Nc6 17. Ba3 Rfc8 18. Bg2 Rc7 19. Bc5 Rd8 20. e4 Bg4 21.
Nb3 b6 22. Ba3 Be2 23. Rfe1 Bc4 24. Nd2 Na5 25. Nxc4 Nxc4 26. Bc1 Na5 27. Bb2
Nc4 28. Ba3 Rdc8 29. e5 Nxa3 30. Rxa3 Rxc3 31. Rxa7 R3c7 32. Ra6 Rb8 33. Ra4 e6
34. Rb1 b5 35. Rab4 Rd8 36. f4 Bf8 37. Rxb5 Rxd4 38. R5b2 Rdc4 39. Kf1 Kg7 40.
Bf3   1/2-1/2

[Event "U-20 Pan-American Chess Championship Female 2022"]
[Site "(Pereira - Risaralda) Gran Hotel. Calle 19 # 9-19"]
[Date "2022.08.23"]
[Round "1"]
[Board "4"]
[White "Escobar Villota, Domenika Gabriela"]
[Black "Contreras Huaman, Fiorella"]
[Result "0-1"]
[WhiteElo "1520"]
[BlackElo "1948"]
[PlyCount "0"]
[EventDate "2022.08.23"]
[EventRounds "9"]
[EventCountry "COL"]

1. d4 d5 2. Nf3 Nf6 3. e3 c6 4. b3 Bf5 5. Bb2 e6 6. Bd3 Bd6 7. O-O O-O 8. Nbd2
Nbd7 9. Ne5 a5 10. a4 Bb4 11. Ndf3 Ne4 12. Bxe4 Bxe4 13. Nxd7 Qxd7 14. Ne5 Qe7
15. f3 Bf5 16. g4 Bg6 17. Qe2 f6 18. Nxg6 hxg6 19. e4 Rae8 20. Rad1 g5 21. Kg2
Qf7 22. f4 gxf4 23. Rxf4 Qg6 24. Kh1 Bd6 25. e5 fxe5 26. Rxf8+ Rxf8 27. dxe5
Be7 28. h3 Rf4 29. Rd4 Rf7 30. Rd1 Bh4 31. Bd4 Rf4 32. Kg2 Re4 33. Qd3 Kh7 34.
Rf1 Be7 35. Bb6 Bb4 36. Bc7 Bc5 37. Bxa5 Rxe5 38. Qxg6+ Kxg6 39. Re1 Rxe1 40.
Bxe1 e5 41. b4 Bd6 42. c3 Kf6 43. Kf3 Be7 44. h4 Ke6 45. Ke3 Bd8 46. a5 Bf6 47.
Kd3 e4+ 48. Ke3 Be5 49. h5 Bh2 50. Bf2 Ke5 51. Ke2 Kf4 52. Bd4 Kxg4 53. Bxg7
Kxh5 54. Bd4 Kg4 55. Bg7 Kf5 56. Bh6 Bf4 57. Bg7 Be5 58. Bxe5 Kxe5 59. Ke3 d4+
60. cxd4+ Kd5 61. Ke2 Kxd4 62. Kd2 Kc4 63. Ke3 Kxb4 64. Kxe4 Kxa5 65. Kd4 Kb4
66. Kd3 Kb3 67. Kd2 c5 68. Kc1 c4 69. Kb1 c3 70. Kc1 c2   0-1

[Event "U-20 Pan-American Chess Championship Female 2022"]
[Site "(Pereira - Risaralda) Gran Hotel. Calle 19 # 9-19"]
[Date "2022.08.23"]
[Round "1"]
[Board "5"]
[White "Hilario, Aleyla"]
[Black "Acosta Angulo, Mariana Valentina"]
[Result "0-1"]
[WhiteElo "1899"]
[BlackElo "1489"]
[PlyCount "0"]
[EventDate "2022.08.23"]
[EventRounds "9"]
[EventCountry "COL"]

1. d4 d5 2. c4 c6 3. Nf3 Nf6 4. Nc3 dxc4 5. a4 Bf5 6. Ne5 e6 7. Nxc4 Bb4 8. e3
O-O 9. Be2 c5 10. O-O Nc6 11. Ne5 Nxe5 12. dxe5 Ne4 13. Nb5 Qg5 14. Bd3 Rad8
15. Qc2 Nd2 16. e4 Bh3 17. g3 Bxf1 18. Bxf1 Qxe5 19. Bg2 Qf6 20. Nc3 Bxc3 21.
bxc3 Nf3+ 22. Bxf3 Qxf3 23. Be3 b6 24. a5 Rd7 25. axb6 axb6 26. h4 Rfd8 27. Kh2
Rd1 28. Rxd1 Rxd1   0-1

[Event "U-20 Pan-American Chess Championship Female 2022"]
[Site "(Pereira - Risaralda) Gran Hotel. Calle 19 # 9-19"]
[Date "2022.08.23"]
[Round "1"]
[Board "6"]
[White "Sanchez Riobo, Emily Dainne"]
[Black "Hernandez Bermudez, Manuela"]
[Result "1/2-1/2"]
[WhiteElo "1405"]
[BlackElo "1894"]
[PlyCount "0"]
[EventDate "2022.08.23"]
[EventRounds "9"]
[EventCountry "COL"]

1. d4 Nf6 2. Nf3 g6 3. c4 Bg7 4. Nc3 d5 5. g3 c6 6. Qb3 dxc4 7. Qxc4 b5 8. Qd3
O-O 9. e4 b4 10. Ne2 Bb7 11. e5 Nd5 12. Bg2 Nd7 13. Nf4 N7b6 14. O-O e6 15. h4
h6 16. Bh3 Nxf4 17. Bxf4 c5 18. Rad1 c4 19. Qe2 Rc8 20. Ne1 Nd5 21. Qg4 Qe7 22.
Rc1 Rfd8 23. Ng2 a5 24. Ne3 Qd7 25. Rfd1 c3 26. Rc2 a4 27. b3 axb3 28. axb3
Nxe3 29. Bxe3 Qd5 30. f3 Qxf3 31. Qxf3 Bxf3 32. Ra1 Bd5 33. Rcc1 c2 34. Ra4 Bf8
35. Ra7 Bxb3 36. Kh2 Bd5 37. Rf1 b3 38. Bc1 Rb8 39. Bb2 Ra8 40. Rfxf7 Rxa7 41.
Rxa7 Ra8 42. Bxe6+ Kh8 43. Rxa8 Bxa8 44. Bxb3 Be4 45. d5 Kh7 46. d6 Bf5 47. Ba4
h5 48. d7 Be7 49. Kg2 Kg8 50. Kf3 Kf7 51. Bb3+ Kf8 52. Ke2 g5 53. Ba3 Bxd7 54.
Bxe7+ Kxe7 55. Bxc2 gxh4 56. gxh4 Ke6 57. Bg6 Kxe5 58. Bxh5 Kf6   1/2-1/2

[Event "U-20 Pan-American Chess Championship Female 2022"]
[Site "(Pereira - Risaralda) Gran Hotel. Calle 19 # 9-19"]
[Date "2022.08.23"]
[Round "1"]
[Board "7"]
[White "Ruiz Villalba, Andrea"]
[Black "Ladron De Guevara Mendez, Lorena"]
[Result "1-0"]
[WhiteElo "1845"]
[BlackElo "1378"]
[PlyCount "0"]
[EventDate "2022.08.23"]
[EventRounds "9"]
[EventCountry "COL"]

1. e4 e5 2. Nf3 Nc6 3. Bc4 Bc5 4. O-O d6 5. c3 Nf6 6. b4 Bb6 7. d3 O-O 8. Nbd2
Ne7 9. Re1 Ng6 10. Nf1 Ng4 11. Re2 Nh4 12. Nxh4 Qxh4 13. d4 Be6 14. Bxe6 fxe6
15. f3 Nf6 16. Be3 exd4 17. cxd4 e5 18. dxe5 Bxe3+ 19. Nxe3 dxe5 20. Rc1 c6 21.
Nf5 Qh5 22. Rd2 Qe8 23. Qb3+ Qf7 24. Qc3 Rad8 25. Rcd1 Qc7 26. Nd6 Rd7 27. Qxe5
Re8 28. Qc3 Qb6+ 29. Kh1 Red8 30. Qc4+ Kf8 31. a3 Qc7 32. e5 Nd5 33. b5 g5 34.
Qc5 Kg8 35. bxc6 bxc6 36. Rc1 Ne7 37. Qc4+ Kg7 38. Qf7+ Kh6 39. Qf6+ Ng6 40.
Nf5+ Kh5 41. g4#   1-0

[Event "U-20 Pan-American Chess Championship Female 2022"]
[Site "(Pereira - Risaralda) Gran Hotel. Calle 19 # 9-19"]
[Date "2022.08.23"]
[Round "1"]
[Board "8"]
[White "Carrillo Riano, Karen Sofia"]
[Black "Pena Gonzalez, Clara Isabel"]
[Result "0-1"]
[WhiteElo "1350"]
[BlackElo "1833"]
[PlyCount "0"]
[EventDate "2022.08.23"]
[EventRounds "9"]
[EventCountry "COL"]

1. e4 c5 2. Nf3 Nc6 3. d4 cxd4 4. Nxd4 g6 5. Be3 Bg7 6. Nc3 Nf6 7. Bc4 O-O 8.
Bb3 d6 9. O-O Ng4 10. Nxc6 bxc6 11. Bg5 Qc7 12. h3 Nf6 13. Qd2 Rb8 14. f4 Rb4
15. Rfe1 Qb6+ 16. Kh1 Rd4 17. Qe3 e5 18. Bxf6 Bxf6 19. Na4 Qa6 20. Nc3 Be6 21.
Ne2 Rb4 22. c3 Rbb8 23. g4 Qb6 24. Qxb6 Rxb6 25. Bxe6 fxe6 26. Rab1 exf4 27.
Nxf4 Bxc3 28. Ra1   0-1

[Event "U-20 Pan-American Chess Championship Female 2022"]
[Site "(Pereira - Risaralda) Gran Hotel. Calle 19 # 9-19"]
[Date "2022.08.23"]
[Round "1"]
[Board "9"]
[White "Ruiz Jaraba, Valentina Sofia"]
[Black "Lobo Meneses, Natalia"]
[Result "0-1"]
[WhiteElo "1816"]
[BlackElo "1319"]
[PlyCount "0"]
[EventDate "2022.08.23"]
[EventRounds "9"]
[EventCountry "COL"]

1. e4 e5 2. Nf3 Nc6 3. Bb5 Nf6 4. d3 Bc5 5. O-O d6 6. c3 O-O 7. Be3 Bxe3 8.
fxe3 a6 9. Ba4 b5 10. Bc2 Re8 11. Nbd2 Ne7 12. Qe1 Ng6 13. h3 Bb7 14. Qg3 c6
15. Rf2 Qb6 16. d4 Rad8 17. Nh4 exd4 18. exd4 c5 19. Nxg6 hxg6 20. d5 c4 21.
Kh1 Bc8 22. Raf1 Qc7 23. Qh4 Qe7 24. Nf3 Nxe4 25. Bxe4 Qxe4 26. Qg3 Qxd5 27.
Rd2 Qc5 28. Nd4 Bf5 29. Nxf5 gxf5 30. Rdf2 Re5 31. Qg5 Rde8 32. Kh2 g6 33. Rf4
Kg7 34. Rh4 Rh8 35. Rxh8 Kxh8 36. Rf4 Kg7 37. Qg3 Re3 38. Qf2 Qe5 39. h4 Re4
40. Kg3 Qxf4+ 41. Qxf4 Rxf4 42. Kxf4 Kf6 43. a3 a5 44. g3 d5 45. Kf3 Ke5 46.
Ke3 f6 47. Kf3 d4 48. cxd4+ Kxd4   0-1

[Event "U-20 Pan-American Chess Championship Female 2022"]
[Site "(Pereira - Risaralda) Gran Hotel. Calle 19 # 9-19"]
[Date "2022.08.23"]
[Round "1"]
[Board "10"]
[White "Mercado Maestre, Maria Angel"]
[Black "Pinillo Canon, Silvana"]
[Result "1/2-1/2"]
[WhiteElo "1310"]
[BlackElo "1806"]
[PlyCount "0"]
[EventDate "2022.08.23"]
[EventRounds "9"]
[EventCountry "COL"]

1. d4 d5 2. c4 e6 3. Nc3 Nf6 4. cxd5 exd5 5. Bg5 Be7 6. e3 O-O 7. Qc2 c6 8. Bd3
Nbd7 9. Nf3 Re8 10. O-O Nf8 11. Bxf6 Bxf6 12. b4 Bg4 13. Nd2 Rc8 14. Na4 a5 15.
bxa5 Qxa5 16. Nc5 b6 17. Nb7 Qa3 18. Rab1 b5 19. Rb3 Qe7 20. Nc5 g6 21. h3 Bd7
22. Rc3 Ne6 23. Nxd7 Qxd7 24. Rb1 Rc7 25. Nb3 Be7 26. Na5 Rec8 27. Qd2 b4 28.
Rc2 c5 29. dxc5 Rxc5 30. Rxc5 Nxc5 31. Nb3 Na4 32. Rc1 Nc3 33. Kh1 Ra8 34. Rc2
Qa4 35. Nc1 Bf6 36. g3 Rd8 37. Ne2 Nb1 38. Qc1 Na3 39. Rc8 Rxc8 40. Qxc8+ Kg7
41. Qa6 Qd1+ 42. Kg2 Qd2 43. Nf4 Qxa2 44. Qb7 d4 45. e4 Nc2 46. Bxc2 Qxc2 47.
Ne6+ Kh6 48. Qxf7 Qxe4+ 49. Kh2 Qe5 50. Kg2 d3 51. Qf8+ Bg7 52. Nxg7 Qxg7 53.
Qxb4 Qe5 54. Qd2+ g5 55. Qxd3 Kg7 56. Qe3 Qd5+ 57. Qf3 Qe5 58. Qb7+ Kg6 59.
Qc6+ Kg7 60. Qd7+ Kg6 61. Qd3+ Kg7 62. Qe3 Qd5+ 63. Qf3 Qe5 64. g4 Kg6 65. Qc6+
Kg7 66. Qd7+ Kg6 67. Qd3+ Kf6 68. Qxh7 Qd5+ 69. Kh2 Qd6+ 70. Kg2 Qd5+ 71. Kg3
Qb3+ 72. Kg2 Qd5+ 73. Kh2 Qd6+ 74. Kg1 Qd1+ 75. Kg2 Qd5+   1/2-1/2

[Event "U-20 Pan-American Chess Championship Female 2022"]
[Site "(Pereira - Risaralda) Gran Hotel. Calle 19 # 9-19"]
[Date "2022.08.23"]
[Round "1"]
[Board "11"]
[White "Perez Hernandez, Vicmary C."]
[Black "Quevedo Bonilla, Paula Thaliana"]
[Result "1-0"]
[WhiteElo "1764"]
[BlackElo "1267"]
[PlyCount "0"]
[EventDate "2022.08.23"]
[EventRounds "9"]
[EventCountry "COL"]

1. e4 e5 2. d4 exd4 3. Nf3 Nc6 4. Bc4 Bc5 5. c3 Nf6 6. e5 d5 7. Bb5 Ne4 8. cxd4
Bb6 9. O-O O-O 10. Nc3 Bg4 11. Bxc6 bxc6 12. Be3 f6 13. Nxe4 dxe4 14. Qb3+ Kh8
15. Nd2 fxe5 16. dxe5 Qd5 17. Bxb6 cxb6 18. Qxd5 cxd5 19. f3 exf3 20. gxf3 Bf5
21. Nb3 Rae8 22. Rfe1 Re7 23. Nd4 Be6 24. Rac1 g5 25. Rc6 Rfe8 26. Rd6 Kg8 27.
Kf2 Kf7 28. Rc1 Rc8 29. Rxc8 Bxc8 30. Rxd5 Be6 31. Rd6 Bxa2 32. Rf6+ Ke8 33. e6
Rc7 34. Ke3 Bb1 35. Nb5 Rc5 36. Nd4 Rc7 37. f4 gxf4+ 38. Kxf4 Bg6 39. Nf5 Rc5
40. h4 Bxf5 41. Rxf5 Rxf5+ 42. Kxf5 Ke7 43. Ke5 a5 44. Kd5 b5 45. Kc5 Kxe6 46.
Kxb5 Kd5 47. Kxa5 Kc5 48. h5 h6 49. b4+ Kc6 50. Ka6 Kc7 51. b5 Kc8 52. Ka7   1-0

[Event "U-20 Pan-American Chess Championship Female 2022"]
[Site "(Pereira - Risaralda) Gran Hotel. Calle 19 # 9-19"]
[Date "2022.08.23"]
[Round "1"]
[Board "13"]
[White "Montano Vicente, Guadalupe"]
[Black "Susunaga Duran, Madelen Fernanda"]
[Result "1-0"]
[WhiteElo "1644"]
[BlackElo "1204"]
[PlyCount "0"]
[EventDate "2022.08.23"]
[EventRounds "9"]
[EventCountry "COL"]

1. d4 Nf6 2. c4 g6 3. Nc3 Bg7 4. e4 d6 5. Nf3 O-O 6. Be2 e5 7. O-O Nc6 8. d5
Ne7 9. b4 Ne8 10. Ne1 f5 11. Bb2 Nf6 12. Bf3 f4 13. c5 g5 14. h3 a6 15. Be2 Qe8
16. Nd3 h5 17. f3 Qg6 18. Nf2 Kf7 19. b5 Rh8 20. b6 g4 21. fxg4 hxg4 22. Nxg4
Rh4 23. bxc7 Nxg4 24. Bxg4 Bxg4 25. hxg4 Rah8 26. cxd6 Qxd6 27. Ne2 Qb6+ 28.
Bd4 exd4 29. Rxf4+ Kg6 30. Qd3 Be5 31. Kf2 Qxc7 32. Rf3 Rxg4 33. Rc1 Qb6 34.
Rb1 Qc7 35. g3 Ng8 36. Rb3 Nf6 37. Nf4+ Kf7 38. d6 Rh2+ 39. Kg1 Qc2 40. Rxb7+
Ke8 41. Re7+   1-0

[Event "U-20 Pan-American Chess Championship Female 2022"]
[Site "(Pereira - Risaralda) Gran Hotel. Calle 19 # 9-19"]
[Date "2022.08.23"]
[Round "2"]
[Board "1"]
[White "Pacheco Jimenez, Yesenia"]
[Black "Garcia Andrada, Heidy Nicole"]
[Result "1/2-1/2"]
[WhiteElo "1653"]
[BlackElo "2002"]
[PlyCount "0"]
[EventDate "2022.08.23"]
[EventRounds "9"]
[EventCountry "COL"]

1. d4 e6 2. c4 b6 3. Nf3 Bb7 4. g3 f5 5. Bg2 Bb4+ 6. Nc3 Nf6 7. O-O O-O 8. a3
Bxc3 9. bxc3 d6 10. c5 dxc5 11. Qb3 Qd5 12. c4 Qd6 13. dxc5 Qxc5 14. a4 Qe7 15.
a5 Nbd7 16. axb6 axb6 17. Ba3 Nc5 18. Qc2 Nfd7 19. Rfd1 Bc6 20. Bb4 e5 21. Rxa8
Bxa8 22. Nd2 e4 23. Nb3 e3 24. f4 Bxg2 25. Kxg2 g6 26. Rd5 c6 27. Rd1 Re8 28.
Nd4 Nf6 29. Nf3 Nfd7 30. Ba3 h6 31. Bb2 Kh7 32. h4 Rf8   1/2-1/2

[Event "U-20 Pan-American Chess Championship Female 2022"]
[Site "(Pereira - Risaralda) Gran Hotel. Calle 19 # 9-19"]
[Date "2022.08.23"]
[Round "2"]
[Board "2"]
[White "Diaz Charpentier, Kristel Meliss"]
[Black "Perez Hernandez, Vicmary C."]
[Result "1/2-1/2"]
[WhiteElo "1989"]
[BlackElo "1764"]
[PlyCount "0"]
[EventDate "2022.08.23"]
[EventRounds "9"]
[EventCountry "COL"]

1. Nf3 Nf6 2. c4 g6 3. g3 Bg7 4. Bg2 O-O 5. O-O d6 6. Nc3 e5 7. d3 Re8 8. Nd2
c6 9. Rb1 d5 10. b4 Be6 11. Qc2 Na6 12. a4 Rc8 13. b5 Nc5 14. Ba3 Bf8 15. Rfd1
Qd7 16. Qa2 Red8 17. a5 Bh3 18. Bh1 Qf5 19. cxd5 cxb5 20. Nce4 a6 21. Bxc5 Bxc5
22. Rdc1 Ba7 23. Nxf6+ Qxf6 24. Ne4 Qe7 25. d6 Qe6 26. Qxe6 Bxe6 27. Rc7 Bb8
28. Rxb7 Bxd6 29. Rb6 Be7 30. Rxa6 b4 31. Rb6 Bd5 32. a6 Kg7 33. Bf3 Rc2 34. h4
Ra2 35. Kg2 Ra8 36. Rb5 Rd8 37. Nc5 Bxf3+ 38. Kxf3 Rd5 39. Rc1 Rxa6 40. Ne6+
fxe6 41. Rb7 Kf8 42. Rcc7 Bd8 43. Rxh7 Kg8 44. Rhg7+ Kf8 45. Rgf7+ Kg8 46. g4
b3 47. Rg7+ Kf8 48. Rgf7+   1/2-1/2

[Event "U-20 Pan-American Chess Championship Female 2022"]
[Site "(Pereira - Risaralda) Gran Hotel. Calle 19 # 9-19"]
[Date "2022.08.23"]
[Round "2"]
[Board "3"]
[White "Contreras Huaman, Fiorella"]
[Black "Montano Vicente, Guadalupe"]
[Result "1-0"]
[WhiteElo "1948"]
[BlackElo "1644"]
[PlyCount "0"]
[EventDate "2022.08.23"]
[EventRounds "9"]
[EventCountry "COL"]

1. d4 Nf6 2. Bf4 c5 3. d5 b5 4. f3 Nh5 5. Bg5 Qb6 6. e4 d6 7. Be3 g6 8. Nd2 Bg7
9. c3 Qb7 10. Bd3 O-O 11. Ne2 e6 12. O-O exd5 13. exd5 Nf6 14. Ne4 Nxe4 15.
fxe4 Nd7 16. Rb1 Ne5 17. Bc2 Qe7 18. Ng3 Ng4 19. Bf4 b4 20. cxb4 Bd4+ 21. Kh1
Nf2+ 22. Rxf2 Bxf2 23. bxc5 Bxc5 24. b4 Bb6 25. Qd2 h5 26. a4 a6 27. Rf1 Bd8
28. Be3 Rb8 29. Bd4 f6 30. Ne2 f5 31. exf5 Bxf5 32. Bxf5 Rxf5 33. Rxf5 gxf5 34.
Qh6 Rxb4 35. Qh8+ Kf7 36. Qxh5+ Kf8 37. Qh8+ Kf7 38. Qh5+ Kf8 39. Qh8+ Kf7 40.
Qh5+ Kf8 41. h3 Qf7 42. Qh8+ Ke7 43. Be3 Re4 44. Bg5+ Kd7 45. Qxd8#   1-0

[Event "U-20 Pan-American Chess Championship Female 2022"]
[Site "(Pereira - Risaralda) Gran Hotel. Calle 19 # 9-19"]
[Date "2022.08.23"]
[Round "2"]
[Board "4"]
[White "Acosta Angulo, Mariana Valentina"]
[Black "Ruiz Villalba, Andrea"]
[Result "1-0"]
[WhiteElo "1489"]
[BlackElo "1845"]
[PlyCount "0"]
[EventDate "2022.08.23"]
[EventRounds "9"]
[EventCountry "COL"]

1. e4 c5 2. Nf3 d6 3. Bb5+ Nd7 4. O-O a6 5. Bxd7+ Bxd7 6. c3 Bc6 7. Re1 Nf6 8.
d3 e6 9. Nbd2 Be7 10. Nf1 b5 11. Ng3 O-O 12. d4 Qc7 13. Bf4 Qb7 14. Qe2 Rfe8
15. Rad1 Rad8 16. Qc2 h6 17. e5 Bxf3 18. gxf3 Nd5 19. Qc1 cxd4 20. Bxh6 dxe5
21. Bxg7 Kxg7 22. Rxe5 Ne3 23. fxe3 Qxf3 24. exd4 Rh8 25. Rf1 Qg4 26. Qd2 Bf6
27. Re4 Qg6 28. Qe2 Kf8 29. Ref4 Bh4 30. Rxf7+ Ke8 31. R7f6 Qxf6 32. Rxf6 Bxf6
33. Qxe6+ Be7 34. Nf5 Rd7 35. Nxe7 Rxe7 36. Qc8+   1-0

[Event "U-20 Pan-American Chess Championship Female 2022"]
[Site "(Pereira - Risaralda) Gran Hotel. Calle 19 # 9-19"]
[Date "2022.08.23"]
[Round "2"]
[Board "5"]
[White "Pena Gonzalez, Clara Isabel"]
[Black "Lopez Mahecha, Natalia"]
[Result "1-0"]
[WhiteElo "1833"]
[BlackElo "1197"]
[PlyCount "0"]
[EventDate "2022.08.23"]
[EventRounds "9"]
[EventCountry "COL"]

1. e4 e5 2. Nf3 Nc6 3. Bb5 a6 4. Ba4 b5 5. Bb3 Nf6 6. d3 Bc5 7. Nbd2 d6 8. c3
O-O 9. Nf1 h6 10. Ng3 Be6 11. O-O d5 12. Qe2 Qe7 13. h3 Rfd8 14. Re1 dxe4 15.
dxe4 Bxb3 16. axb3 Qe6 17. b4 Bb6 18. Nh4 Qd7 19. Nhf5 Qd3 20. Be3 Bxe3 21.
Nxe3 Qd2 22. Kf1 Qxe2+ 23. Kxe2 g6 24. Red1 Rxd1 25. Rxd1 a5 26. Nd5 Nxd5 27.
Rxd5 axb4 28. Rxb5 bxc3 29. bxc3 Ra5 30. Rxa5 Nxa5 31. Kd3 Kf8 32. Nf1 Ke7 33.
Ne3 Ke6 34. Nd5 c6 35. Ne3 Nb3 36. f3 Nc5+ 37. Kc4 Kd6 38. Ng4 h5 39. Nh6 Nd7
40. Nxf7+ Ke7 41. Ng5 h4 42. f4 Kf6 43. Nf3 exf4 44. Nxh4 g5 45. Nf3 Kg6 46.
Kd4 Kf6 47. e5+ Kf5 48. c4 g4 49. hxg4+ Kxg4 50. e6 Nf6 51. Ke5 Ne8 52. c5 Kg3
53. Nd4 Kxg2 54. Kxf4 Kh3 55. Nxc6 Kh4 56. Kf5 Kh5 57. Ne5 Kh6 58. e7 Kg7 59.
Ke6 Nc7+ 60. Kd7 Nd5 61. Ng4   1-0

[Event "U-20 Pan-American Chess Championship Female 2022"]
[Site "(Pereira - Risaralda) Gran Hotel. Calle 19 # 9-19"]
[Date "2022.08.23"]
[Round "2"]
[Board "6"]
[White "Lobo Meneses, Natalia"]
[Black "Matus, Nastassja"]
[Result "0-1"]
[WhiteElo "1319"]
[BlackElo "1976"]
[PlyCount "0"]
[EventDate "2022.08.23"]
[EventRounds "9"]
[EventCountry "COL"]

1. e4 c6 2. d3 d5 3. Nd2 g6 4. g3 Bg7 5. Bg2 e6 6. c3 Ne7 7. f4 O-O 8. Ngf3 Qb6
9. Qe2 Nd7 10. d4 dxe4 11. Nxe4 Nd5 12. O-O c5 13. c4 N5f6 14. dxc5 Nxc5 15.
Nxc5 Qxc5+ 16. Be3 Qe7 17. Bd4 b6 18. Ne5 Bb7 19. Rad1 Rac8 20. Rd2 Rfd8 21.
Rfd1 Ne8 22. b3 Nd6 23. Bxb7 Nxb7 24. h4 Nd6 25. Bc3 Nf5 26. Kg2 Rxd2 27. Rxd2
Qc5 28. b4 Qe3 29. Qxe3 Nxe3+ 30. Kf3 Nxc4 31. Rd7 Nxe5+ 32. Bxe5 Bxe5 33. fxe5
Rc3+ 34. Kf4 Ra3 35. Rd2 Ra4 36. Kg5 Kg7 37. h5 h6+ 38. Kh4 Rxb4+ 39. g4 gxh5
40. Kxh5 Re4 41. Rd7 Rxe5+ 42. Kh4 Ra5 43. Rd2 Kg6 44. Re2 Ra4 45. Kg3 b5 46.
Kf3 a5 47. Rb2 b4 48. Rh2 Ra3+ 49. Ke4 b3 50. axb3 Rxb3 51. Ra2 Rb4+ 52. Kf3 a4
  0-1

[Event "U-20 Pan-American Chess Championship Female 2022"]
[Site "(Pereira - Risaralda) Gran Hotel. Calle 19 # 9-19"]
[Date "2022.08.23"]
[Round "2"]
[Board "7"]
[White "Hernandez Bermudez, Manuela"]
[Black "Mercado Maestre, Maria Angel"]
[Result "1-0"]
[WhiteElo "1894"]
[BlackElo "1310"]
[PlyCount "0"]
[EventDate "2022.08.23"]
[EventRounds "9"]
[EventCountry "COL"]

1. e4 e5 2. Nf3 Nc6 3. Bb5 a6 4. Ba4 Nf6 5. O-O b5 6. Bb3 Bc5 7. c3 O-O 8. d4
Bb6 9. dxe5 Nxe4 10. Bd5 Nc5 11. Bg5 Qe8 12. Re1 Bb7 13. Na3 Ne7 14. Bxb7 Nxb7
15. Nc2 h6 16. Be3 Bxe3 17. Nxe3 Nc5 18. Qd4 Ne6 19. Qg4 f6 20. exf6 Rxf6 21.
Rad1 Rd8 22. Ne5 h5 23. Qg3 d6 24. Nd3 Qf7 25. Nb4 Rf4 26. Nbd5 h4 27. Nxe7+
Qxe7 28. Qg6 Qf6 29. Qc2 c6 30. h3 Qg5 31. Ng4 Nf8 32. Qe2 Nh7 33. Qe6+ Rf7 34.
Rxd6 Rxd6 35. Qxd6 Nf6 36. Ne5 Rf8 37. Nxc6 Nh5 38. Qe6+ Kh7 39. Qe4+ Kh6 40.
Ne5 Nf4 41. Ng4+ Kh5 42. Qh7+ Qh6   1-0

[Event "U-20 Pan-American Chess Championship Female 2022"]
[Site "(Pereira - Risaralda) Gran Hotel. Calle 19 # 9-19"]
[Date "2022.08.23"]
[Round "2"]
[Board "8"]
[White "Pinillo Canon, Silvana"]
[Black "Sanchez Riobo, Emily Dainne"]
[Result "1-0"]
[WhiteElo "1806"]
[BlackElo "1405"]
[PlyCount "0"]
[EventDate "2022.08.23"]
[EventRounds "9"]
[EventCountry "COL"]

1. e4 c6 2. d4 d5 3. Nc3 dxe4 4. Nxe4 Nf6 5. Nxf6+ exf6 6. c3 Be6 7. Bd3 Bd6 8.
Qc2 h5 9. Ne2 O-O 10. Be3 Re8 11. O-O Nd7 12. h3 Nf8 13. Nf4 Bxf4 14. Bxf4 Qd7
15. Rfe1 Re7 16. Re3 g5 17. Bh2 h4 18. Rae1 Rae8 19. a3 Kg7 20. f4 Bd5 21. Qf2
b6 22. fxg5 Rxe3 23. gxf6+ Kg8 24. Rxe3 Ng6 25. Be5 Kf8 26. Bxg6 fxg6 27. Qxh4
  1-0

[Event "U-20 Pan-American Chess Championship Female 2022"]
[Site "(Pereira - Risaralda) Gran Hotel. Calle 19 # 9-19"]
[Date "2022.08.23"]
[Round "2"]
[Board "9"]
[White "Guerrero Caicedo, Arlette"]
[Black "Hilario, Aleyla"]
[Result "0-1"]
[WhiteElo "1531"]
[BlackElo "1899"]
[PlyCount "0"]
[EventDate "2022.08.23"]
[EventRounds "9"]
[EventCountry "COL"]

1. d4 d5 2. Nf3 Nf6 3. g3 Bf5 4. Bg2 e6 5. c4 c6 6. Qb3 Qb6 7. c5 Qxb3 8. axb3
Be7 9. O-O O-O 10. Nc3 Nbd7 11. Bf4 Nh5 12. Be3 Rfd8 13. b4 a6 14. h3 Nhf6 15.
Bf4 Ne4 16. Ne5 Nxe5 17. Bxe5 Nd2 18. Rfe1 Nc4 19. e4 dxe4 20. Bxe4 Bxh3 21.
Kh2 Bg4 22. f3 Bh5 23. g4 Bg6 24. Bxg6 hxg6 25. Re2 f6 26. Bg3 Rxd4 27. Rxe6
Bf8 28. b5 cxb5 29. Nxb5 Rd2+ 30. Kh3 Rxb2 31. Nc7 Rc8 32. Rd1 Bxc5 33. Rc1 Kf7
34. Rxc4 Rh8+ 35. Bh4 Bf2 36. g5 fxg5 37. Rg4 Bxh4   0-1

[Event "U-20 Pan-American Chess Championship Female 2022"]
[Site "(Pereira - Risaralda) Gran Hotel. Calle 19 # 9-19"]
[Date "2022.08.23"]
[Round "2"]
[Board "10"]
[White "Quevedo Bonilla, Paula Thaliana"]
[Black "Ruiz Jaraba, Valentina Sofia"]
[Result "0-1"]
[WhiteElo "1267"]
[BlackElo "1816"]
[PlyCount "0"]
[EventDate "2022.08.23"]
[EventRounds "9"]
[EventCountry "COL"]

1. e4 c5 2. Nf3 d6 3. d4 cxd4 4. Nxd4 Nf6 5. Nc3 a6 6. Be2 e6 7. Be3 Qc7 8. O-O
b5 9. a3 Bb7 10. Bd3 Nbd7 11. Nb3 Be7 12. f4 O-O 13. Qf3 d5 14. e5 d4 15. Qh3
dxe3 16. exf6 Nxf6 17. Qxe3 h6 18. Kh1 Rfd8 19. Rae1 Rac8 20. f5 e5 21. Qg3 Nh5
22. Qf2 Nf4 23. Be4 Bxe4 24. Rxe4 Bf6 25. Ree1 Nd5 26. Nxd5 Rxd5 27. c3 Rcd8
28. Qf3 Rd3 29. Qe2 a5 30. Rd1 e4 31. Nc1 Rxd1 32. Rxd1 Rxd1+ 33. Qxd1 Qf4 34.
Ne2 Qf2 35. Ng3 Qxb2 36. Nxe4 Bxc3   0-1

[Event "U-20 Pan-American Chess Championship Female 2022"]
[Site "(Pereira - Risaralda) Gran Hotel. Calle 19 # 9-19"]
[Date "2022.08.23"]
[Round "2"]
[Board "11"]
[White "Caicedo Anguila, Juliana"]
[Black "Carrillo Riano, Karen Sofia"]
[Result "1-0"]
[WhiteElo "1591"]
[BlackElo "1350"]
[PlyCount "0"]
[EventDate "2022.08.23"]
[EventRounds "9"]
[EventCountry "COL"]

1. d4 e6 2. c4 Nf6 3. a3 c5 4. d5 d6 5. Nc3 Be7 6. e4 O-O 7. Nf3 exd5 8. exd5
Nbd7 9. Be2 Re8 10. O-O Nf8 11. b4 Ng6 12. bxc5 dxc5 13. h3 a6 14. a4 Qc7 15.
Qc2 Bd6 16. Re1 Bd7 17. a5 Ne5 18. Bd2 Nxf3+ 19. Bxf3 Rxe1+ 20. Bxe1 Be5 21.
Rb1 g6 22. Rb6 Qc8 23. Ne4 Nxe4 24. Bxe4 f5 25. Bf3 Rb8 26. Qb1 Bc7 27. Rb3 Ba4
28. d6 Bxd6 29. Rxb7 Rxb7 30. Bxb7 Qb8 31. Bd5+ Kf8 32. Qxb8+ Bxb8 33. Bb7 Ke7
34. Bxa6 Bc6 35. g3 Bf3 36. Bc3 Bc7 37. Kf1 Ke6 38. Ke1 Ke7 39. Kd2 Bg2 40. h4
Bf3 41. Ke3 Ba8 42. Bc8 Bc6 43. a6 Bb8 44. Ba5 Ba7 45. Bc7 Ba4 46. Bb7 Be8 47.
Bd5 Bf7 48. Bxf7 Kxf7 49. Kf4 Kf6 50. Be5+ Ke6 51. f3 Kf7 52. Kg5 Ke6 53. f4
Kd7 54. Kh6   1-0